Every Premier League Goalscorer 23/24 - Gameweek #8 - Statistics

General Stats
  • This quiz has been taken 22 times
  • The average score is 12 of 27
Answer Stats
Club v Club Goalscorer % Correct
Burnley v Chelsea Raheem Sterling
84%
Burnley v Chelsea Nicolas Jackson
74%
Arsenal v Manchester City Gabriel Martinelli
68%
Brighton & Hove Albion v Liverpool Mohamed Salah
68%
Brighton & Hove Albion v Liverpool Mohamed Salah
68%
Burnley v Chelsea Cole Palmer
58%
Luton Town v Tottenham Micky van de Ven
58%
Manchester United v Brentford Scott McTominay
58%
Manchester United v Brentford Scott McTominay
58%
West Ham v Newcastle United Alexander Isak
53%
West Ham v Newcastle United Alexander Isak
53%
Everton v Bournemouth Jack Harrison
47%
Manchester United v Brentford Mathias Jensen
47%
Everton v Bournemouth Abdoulaye Doucoure
37%
Brighton & Hove Albion v Liverpool Lewis Dunk
37%
Fulham v Sheffield United Bobby Decordova-Reid
32%
Wolves v Aston Villa Hwang Hee-chan
32%
Everton v Bournemouth James Garner
32%
Burnley v Chelsea Ameen Al Dakhil
26%
Fulham v Sheffield United Antonee Robinson
26%
Wolves v Aston Villa Pau Torres
26%
Brighton & Hove Albion v Liverpool Simon Adingra
26%
West Ham v Newcastle United Tomas Soucek
26%
West Ham v Newcastle United Mohammed Kudus
21%
Fulham v Sheffield United Wes Foderingham
21%
Fulham v Sheffield United Willian
21%
Burnley v Chelsea Wilson Odobert
16%
No matching quizzes found
Score Distribution
Percent of People with Each Score
Percentile by Number Answered
Your Score History
You have not taken this quiz